00241nam a2200109Ia 4500008004100000040000700041041001200048082000800060100001400068245003500082260001400117240703s9999||||xx |||||||||||||| ||und|| a33 aENGLISH bber abero bibi 0agrantman tales (father strange bbero bibi